|
|
|
|
| LEADER |
00000nab a2200000 a 4500 |
| 001 |
vtls010061553 |
| 003 |
SK-MaSNL |
| 005 |
20260304054756.0 |
| 008 |
140515c2010 xo wr|p|||||||000 b|slo |
| 015 |
|
|
|a SNBRB2010/02
|2 snkbucl
|
| 040 |
|
|
|a SNKBUCL
|b slo
|c SNKBUCL
|e AACR2
|
| 041 |
0 |
|
|a slo
|
| 044 |
|
|
|a xo
|c SK
|
| 080 |
|
|
|a 338.2
|x (495)
|2 2001
|
| 080 |
|
|
|a 336.74
|x (495)
|2 2001
|
| 080 |
|
|
|a 327
|x (4:495)
|2 2001
|
| 100 |
1 |
|
|a Gálisová, Marína,
|d 1972-
|4 aut
|9 12999
|
| 245 |
1 |
0 |
|a Grécko otriasa eurozónou
|c Marína Gálisová
|
| 300 |
|
|
|b Fotogr.
|
| 610 |
2 |
7 |
|a Európska únia
|2 snkbucl
|9 29861
|
| 650 |
0 |
7 |
|a dlhy
|2 snkbucl
|9 441591
|
| 650 |
0 |
7 |
|a dôveryhodnosť
|2 snkbucl
|9 59487
|
| 650 |
0 |
7 |
|a hospodárska politika
|2 snkbucl
|9 2279
|
| 650 |
0 |
7 |
|a euro
|2 snkbucl
|9 63503
|
| 651 |
|
7 |
|a Grécko
|2 snkbucl
|9 16240
|
| 655 |
|
7 |
|a analýzy
|2 snkbucl
|9 22242
|
| 773 |
0 |
|
|t Týždeň
|g Roč. VII, č. 5 (2010), s. 34-35
|x 1336-5932
|
| 852 |
|
|
|a SNK
|b KIS3GCP
|
| 958 |
|
|
|a GR
|
| 999 |
|
|
|c 2720702
|d 2722632
|